Caricamento...
k Madhavan nair /
| Autore principale: | |
|---|---|
| Natura: | Printed Book |
| Lingua: | Malayalam |
| Pubblicazione: |
Kozhikode :
Mathrubhumi ,
1987.
|
| LEADER | 00470nam a2200133Ia 4500 | ||
|---|---|---|---|
| 008 | 150624b xxu||||| |||| 00| | mal d | ||
| 082 | |a 923.25483M3 | ||
| 100 | |a Moosath, C. K. | ||
| 245 | |c C. K. Moosath |a k Madhavan nair / | ||
| 260 | |a Kozhikode : |b Mathrubhumi , |c 1987. | ||
| 546 | |a In Malayalam. | ||
| 942 | |c BK | ||
| 999 | |c 82494 |d 82494 | ||
| 952 | |0 1 |1 0 |4 1 |6 923_000000000000000_25483M3_MOO_K_M |7 0 |9 82438 |a UL |b UL |c ST1 |d 1998-08-28 |l 0 |o 923.25483M3 MOO/K M |p 64168 |r 2012-10-27 |w 2012-10-27 |y BK | ||